[Event "2nd GMA World Cup prel  #3"]
[Site "Palma de Mallorca"]
[Date "1989.??.??"]
[Round "3"]
[White "Campora, Daniel Hugo"]
[Black "Hansen, Curt"]
[Result "1/2-1/2"]
[WhiteElo "2495"]
[BlackElo "2525"]
[EventDate "1989.12.??"]
[PlyCount "104"]

1.e4 d5 2.exd5 Qxd5 3.Nc3 Qa5 4.d4 Nf6 5.Nf3 Bf5 6.Ne5 c6 7.Bc4 e6 8.g4 
Bg6 9.h4 Bb4 10.Bd2 Ne4 11.f3 Nxc3 12.bxc3 Bxc3 13.Rb1 b5 14.Bb3 Nd7 15.
Nxc6 Bxd2+ 16.Qxd2 Qc7 17.d5 Nf6 18.h5 Nxd5 19.Bxd5 exd5 20.Qe3+ Be4 21.
fxe4 O-O 22.Nb4 Rfe8 23.Nxd5 Qxc2 24.Rc1 Qxe4 25.Qxe4 Rxe4+ 26.Kf2 Rxg4 
27.h6 Rg5 28.Rc5 gxh6 29.Rxh6 Kg7 30.Rh3 Rd8 31.Rg3 Rxg3 32.Kxg3 a6 33.Kf4
Re8 34.Ne3 Re6 35.Nf5+ Kf6 36.Nd4 Rd6 37.Ke4 Kg6 38.Ke5 Rb6 39.Rc2 f6+ 40.
Kd5 h5 41.Rg2+ Kh7 42.Nf5 b4 43.Rg7+ Kh8 44.Rg3 a5 45.Nd6 a4 46.Kc5 Rb8 
47.Nb5 b3 48.axb3 axb3 49.Rxb3 Kh7 50.Rf3 Kg6 51.Nd6 h4 52.Kd5 Rb1 1/2-1/2

[Event "2nd GMA World Cup prel  #3"]
[Site "Palma de Mallorca"]
[Date "1989.??.??"]
[Round "3"]
[White "Barbero, Gerardo"]
[Black "Schussler, Harry"]
[Result "1-0"]
[WhiteElo "2475"]
[BlackElo "2540"]
[EventDate "1989.12.??"]
[PlyCount "114"]

1.d4 Nf6 2.Nf3 e6 3.Bg5 c5 4.e3 Be7 5.Nbd2 b6 6.c3 Bb7 7.Bd3 cxd4 8.exd4 
d6 9.O-O O-O 10.Re1 Nbd7 11.Nf1 Re8 12.Ng3 a6 13.a4 Bc6 14.h4 b5 15.a5 Qc7
16.h5 Nxh5 17.Nxh5 Bxf3 18.Qxf3 Bxg5 19.Qg3 Bh6 20.Re4 g6 21.Rh4 Qd8 22.
Rh3 Bf8 23.d5 exd5 24.Nf4 Re5 25.Bc2 Nf6 26.Qd3 Bg7 27.Bb3 Qe7 28.Rf1 Re8 
29.Nxd5 Nxd5 30.Bxd5 Qc7 31.Rf3 R8e7 32.b4 Qc8 33.c4 bxc4 34.Bxc4 Qb8 35.
Qb3 Qb7 36.Rd3 Rd7 37.Rfd1 Bf8 38.Rd5 Rc7 39.b5 axb5 40.Bxb5 Rc5 41.Rxe5 
Rxe5 42.Rb1 Rf5 43.a6 Qb6 44.Qa2 Qa7 45.Bd3 Rf4 46.g3 Rf3 47.Kg2 Rf6 48.
Rb7 Qd4 49.Bb1 Qd1 50.Be4 d5 51.Bxd5 Bc5 52.Rxf7 Rxf7 53.Bxf7+ Kg7 54.a7 
Bxa7 55.Qxa7 Qd6 56.Bd5+ Kh6 57.Qe3+ g5 1-0

[Event "2nd GMA World Cup prel  #3"]
[Site "Palma de Mallorca"]
[Date "1989.??.??"]
[Round "3"]
[White "Inkiov, Ventzislav"]
[Black "Hodgson, Julian Michael"]
[Result "1-0"]
[WhiteElo "2475"]
[BlackElo "2535"]
[EventDate "1989.12.??"]
[PlyCount "113"]

1.e4 c6 2.d4 d5 3.exd5 cxd5 4.c4 Nf6 5.Nc3 g6 6.cxd5 Bg7 7.Qb3 O-O 8.Be2 
Na6 9.Bf4 Qb6 10.Qxb6 axb6 11.Rc1 Nb4 12.d6 Re8 13.dxe7 Rxe7 14.Be5 Bf5 
15.Nf3 Nd3+ 16.Bxd3 Bxd3 17.Kd2 Bc4 18.Bxf6 Bxf6 19.Ne4 Rxe4 20.Rxc4 Rxa2 
21.Rb4 Kg7 22.Re1 Rf4 23.Ke3 g5 24.Rxb6 Ra8 25.Rxb7 Re8+ 26.Kd2 Rd8 27.Kc1
g4 28.Ne5 Bg5 29.Kb1 Rdxd4 30.f3 Rd2 31.g3 Rxf3 32.h4 Bh6 33.Nxf3 gxf3 34.
Ree7 f2 35.Rxf7+ Kg6 36.Ka2 Be3 37.Rf3 Bd4 38.Rb4 h5 39.Rxd4 Rxd4 40.Rxf2 
Rd3 41.Rf8 Kg7 42.Rf5 Rxg3 43.Rxh5 Kf6 44.Rc5 Rh3 45.h5 Ke6 46.Rg5 Kd6 47.
b3 Kc6 48.Ka3 Rh4 49.b4 Rh1 50.Kb3 Kb6 51.b5 Rh4 52.Kc3 Ka5 53.Kd3 Kb6 54.
Ke3 Ka5 55.Kf3 Kb6 56.Kg3 Rh1 57.Rf5 1-0

[Event "2nd GMA World Cup prel  #3"]
[Site "Palma de Mallorca"]
[Date "1989.??.??"]
[Round "3"]
[White "Liberzon, Vladimir"]
[Black "Dlugy, Maxim"]
[Result "0-1"]
[WhiteElo "2480"]
[BlackElo "2530"]
[EventDate "1989.12.??"]
[PlyCount "74"]

1.e4 c5 2.Nf3 d6 3.d4 cxd4 4.Nxd4 Nf6 5.Nc3 Nc6 6.Be2 e5 7.Nb3 a5 8.a4 Be7
9.O-O O-O 10.Kh1 Nb4 11.f4 b6 12.Bf3 Bb7 13.Rf2 Qc7 14.fxe5 dxe5 15.Be3 
Rfd8 16.Qg1 Rab8 17.Rd1 Rxd1 18.Qxd1 Bc6 19.Re2 Ne8 20.Nb5 Bxb5 21.axb5 
Rd8 22.Qg1 Rd6 23.c3 Nd3 24.Rd2 Qc4 25.Be2 Qxe4 26.Bxb6 Nf4 27.Bf3 Qa4 28.
Rxd6 Nxd6 29.Nxa5 e4 30.Bd1 Qxb5 31.b4 Bf6 32.Bc5 Nc4 33.Qf1 Nd3 34.Qf5 
Nd6 35.c4 Qxb4 36.Bxb4 Nxf5 37.g4 Nd4 0-1

[Event "2nd GMA World Cup prel  #3"]
[Site "Palma de Mallorca"]
[Date "1989.??.??"]
[Round "3"]
[White "Murey, Jacob"]
[Black "Mikhalchishin, Adrian"]
[Result "1/2-1/2"]
[WhiteElo "2535"]
[BlackElo "2475"]
[EventDate "1989.12.??"]
[PlyCount "156"]

1.d4 d5 2.c4 dxc4 3.Nf3 Nf6 4.Nc3 e6 5.e3 a6 6.Bxc4 c5 7.O-O b5 8.Be2 Bb7 
9.Ne5 Bd6 10.Bf3 Qc7 11.a4 b4 12.Bxb7 Qxb7 13.Ne2 O-O 14.Nc4 Rd8 15.Qc2 
cxd4 16.Nxd4 Nc6 17.Nf3 b3 18.Qe2 Ne4 19.Bd2 Be7 20.Bc3 Rd5 21.Nfd2 Nxd2 
22.Nxd2 Rad8 23.Nf3 Bb4 24.Rfc1 h6 25.h3 Bf8 26.Qc4 Rc8 27.Qg4 Qd7 28.e4 
Rd3 29.Ne1 Rd6 30.Qe2 Nd4 31.Bxd4 Rxc1 32.Rxc1 Rxd4 33.Qxa6 Rxa4 34.Qe2 
Qd4 35.e5 Qe4 36.Qxe4 Rxe4 37.Nd3 f6 38.exf6 gxf6 39.Rc3 e5 40.Rxb3 Rd4 
41.f3 Bd6 42.Kf2 f5 43.Ke2 e4 44.fxe4 fxe4 45.Nf2 Bf4 46.g3 Bc1 47.Rb8+ 
Kf7 48.Nd1 Ke6 49.Rb6+ Kd7 50.Rg6 Rc4 51.b3 Rb4 52.Nf2 Rxb3 53.Nxe4 Re3+ 
54.Kd1 Rxe4 55.Kxc1 h5 56.Kd2 Re5 57.Kd3 Ke7 58.Kd4 Ra5 59.Ke4 Kf7 60.Rd6 
Ra3 61.Rd3 Ra4+ 62.Kf5 Ra5+ 63.Kf4 Ke6 64.Rd8 Rf5+ 65.Ke4 Re5+ 66.Kf3 Rf5+
67.Ke4 Re5+ 68.Kf3 Rf5+ 69.Ke2 Re5+ 70.Kd2 Rg5 71.Rd3 Kf6 72.Kc3 Kg6 73.
Kd4 Ra5 74.Ke4 Ra4+ 75.Rd4 Ra3 76.Rd6+ Kf7 77.Rd5 Ra4+ 78.Kf3 Ra6 1/2-1/2

[Event "2nd GMA World Cup prel  #3"]
[Site "Palma de Mallorca"]
[Date "1989.??.??"]
[Round "3"]
[White "Smagin, Sergei"]
[Black "Naumkin, Igor"]
[Result "1-0"]
[WhiteElo "2535"]
[BlackElo "2470"]
[EventDate "1989.12.??"]
[PlyCount "229"]

1.e4 e6 2.d4 d5 3.Nc3 Bb4 4.e5 c5 5.a3 Bxc3+ 6.bxc3 Ne7 7.Qg4 Qc7 8.Qxg7 
Rg8 9.Qxh7 cxd4 10.Ne2 Nbc6 11.f4 Bd7 12.Qd3 dxc3 13.Nxc3 Na5 14.Nb5 Bxb5 
15.Qxb5+ Nac6 16.g3 O-O-O 17.Qc5 Kb8 18.Bd3 d4 19.Bd2 Rd5 20.Qc4 Rc8 21.
O-O Qd8 22.Qb3 Qc7 23.Rab1 Ka8 24.Qa4 Rd7 25.Rb3 Nd5 26.Rfb1 Qd8 27.Be4 
Rcc7 28.Rd3 f6 29.exf6 Nxf6 30.Bg2 Nd5 31.Re1 Qf6 32.Qb5 a6 33.Qb2 Nde7 
34.Qb3 e5 35.Rf3 Qd6 36.fxe5 Nxe5 37.Rf8+ Ka7 38.Bb4 Qh6 39.Rf4 d3 40.Rxe5
Qb6+ 41.Bc5 Rxc5 42.Qxb6+ Kxb6 43.Rb4+ Rb5 44.Rbxb5+ axb5 45.cxd3 Nc6 46.
Rd5 Rg7 47.Be4 Rg8 48.d4 Ra8 49.Bd3 Rxa3 50.Rxb5+ Kc7 51.Be4 Nxd4 52.Rxb7+
Kd6 53.Rb2 Ke5 54.Bb7 Rc3 55.Kg2 Nf5 56.Bf3 Rc4 57.Re2+ Kf6 58.Be4 Nd4 59.
Rf2+ Ke5 60.Bg6 Rc6 61.Bh5 Nf5 62.Re2+ Kf6 63.Bg4 Nd4 64.Rf2+ Ke5 65.Ra2 
Rc5 66.Rd2 Rc3 67.Kf2 Rc1 68.Rb2 Rc3 69.Ra2 Rc7 70.Ke3 Rc3+ 71.Kf2 Rc7 72.
Bh5 Rc6 73.Kg2 Rc5 74.Bg6 Rc6 75.Bd3 Rc3 76.Bh7 Re3 77.Bg6 Re1 78.Bh5 Rc1 
79.Rb2 Rc6 80.Rf2 Rc3 81.Ra2 Rc1 82.Kf2 Rc6 83.Bg4 Rc5 84.Kg2 Rc1 85.Rf2 
Rc6 86.h4 Rc2 87.Rxc2 Nxc2 88.Kf2 Nd4 89.Ke3 Nc2+ 90.Kd2 Nd4 91.Kd3 Nc6 
92.Bf3 Ne7 93.Be4 Ng8 94.Ke3 Nf6 95.Bg6 Ng4+ 96.Kf3 Nh2+ 97.Ke2 Ng4 98.Bc2
Nh2 99.Bd1 Ng4 100.Kf3 Nf6 101.Bc2 Ke6 102.Bd3 Kd6 103.Bg6 Ke5 104.h5 Nd5 
105.h6 Kf6 106.Bf5 Ne7 107.g4 Kf7 108.Be4 Kg8 109.Bf5 Kh8 110.Be6 Ng6 111.
Ke4 Nf8 112.Bf5 Kg8 113.Kd5 Kf7 114.Ke5 Kg8 115.Kf6 1-0

[Event "2nd GMA World Cup prel  #3"]
[Site "Palma de Mallorca"]
[Date "1989.??.??"]
[Round "3"]
[White "Douven, Rudy"]
[Black "Benjamin, Joel"]
[Result "1/2-1/2"]
[WhiteElo "2475"]
[BlackElo "2530"]
[EventDate "1989.12.??"]
[PlyCount "109"]

1.d4 d6 2.Nf3 Bg4 3.c4 Nd7 4.Nc3 c6 5.e3 e5 6.Be2 Ngf6 7.O-O Be7 8.Qc2 O-O
9.b3 Re8 10.a4 Bf8 11.Ba3 Rc8 12.Rfd1 e4 13.Nd2 d5 14.Bxf8 Nxf8 15.Nf1 Ng6
16.Rac1 Nh4 17.Ng3 h5 18.Rd2 g6 19.Qd1 a6 20.Rdc2 Kg7 21.cxd5 cxd5 22.Bxg4
Nxg4 23.h3 Nh6 24.Nce2 Rxc2 25.Qxc2 Re6 26.Qc7 Qxc7 27.Rxc7 Rc6 28.Rxb7 
N6f5 29.Rd7 Nxg3 30.Nxg3 Rc1+ 31.Nf1 Rb1 32.Rxd5 f5 33.Ra5 f4 34.exf4 Nf5 
35.Re5 e3 36.fxe3 Ng3 37.Kf2 Nxf1 38.Ra5 Nd2 39.Rxa6 Rxb3 40.Rc6 Ra3 41.g4
hxg4 42.hxg4 Kf7 43.Rc7+ Ke6 44.Rc6+ Kf7 45.Rc2 Ne4+ 46.Kf3 Nc3 47.g5 Ke6 
48.a5 Kd6 49.a6 Nd5 50.Re2 Rxa6 51.e4 Ra3+ 52.Kg4 Ne3+ 53.Kh4 Rd3 54.d5 
Kc5 55.f5 1/2-1/2

[Event "2nd GMA World Cup prel  #3"]
[Site "Palma de Mallorca"]
[Date "1989.??.??"]
[Round "3"]
[White "Bagirov, Vladimir"]
[Black "Piket, Jeroen"]
[Result "1/2-1/2"]
[WhiteElo "2460"]
[BlackElo "2540"]
[EventDate "1989.12.??"]
[PlyCount "42"]

1.d4 Nf6 2.c4 e6 3.Nc3 Bb4 4.f3 d5 5.a3 Bxc3+ 6.bxc3 c5 7.cxd5 Nxd5 8.Qd3 
cxd4 9.cxd4 Nc6 10.e4 Nb6 11.Be3 O-O 12.Rd1 Bd7 13.Nh3 Na5 14.Qc3 Nac4 15.
Bxc4 Rc8 16.O-O Rxc4 17.Qa1 Qe7 18.Bg5 f6 19.Bd2 Rfc8 20.Bb4 Qf7 21.Nf4 
Bb5 1/2-1/2

[Event "2nd GMA World Cup prel  #3"]
[Site "Palma de Mallorca"]
[Date "1989.??.??"]
[Round "3"]
[White "Lau, Ralf"]
[Black "Csom, Istvan"]
[Result "1/2-1/2"]
[WhiteElo "2470"]
[BlackElo "2530"]
[EventDate "1989.12.??"]
[PlyCount "28"]

1.e4 c5 2.Nf3 d6 3.d4 cxd4 4.Nxd4 Nf6 5.Nc3 Nc6 6.Bg5 e6 7.Qd2 a6 8.O-O-O 
h6 9.Bf4 Bd7 10.Nxc6 Bxc6 11.Qe1 Nh5 12.Bd2 Nf6 13.Bf4 Nh5 14.Bd2 Nf6 
1/2-1/2

[Event "2nd GMA World Cup prel  #3"]
[Site "Palma de Mallorca"]
[Date "1989.??.??"]
[Round "3"]
[White "Kindermann, Stefan"]
[Black "Byrne, Robert"]
[Result "1-0"]
[WhiteElo "2530"]
[BlackElo "2465"]
[EventDate "1989.12.??"]
[PlyCount "99"]

1.e4 c5 2.Nf3 d6 3.d4 cxd4 4.Nxd4 Nf6 5.Nc3 a6 6.Bc4 e6 7.Bb3 Nbd7 8.f4 
Nc5 9.O-O Nxb3 10.axb3 Be7 11.e5 Nd5 12.Nxd5 exd5 13.Qf3 O-O 14.Be3 dxe5 
15.fxe5 Be6 16.Rad1 Qc7 17.Qg3 Bc5 18.c3 Bxd4 19.Bxd4 f5 20.exf6 Qxg3 21.
hxg3 gxf6 22.Bxf6 Rae8 23.Rf4 h5 24.Be5 Rf5 25.Bd6 Rg5 26.Re1 Kh7 27.Rf3 
Kg6 28.Rfe3 Kf7 29.Bc5 Rf5 30.Bd6 Rf6 31.Rf3 Bf5 32.Re5 Rxe5 33.Bxe5 Re6 
34.Rxf5+ Kg6 35.g4 hxg4 36.Rf4 Rxe5 37.Rxg4+ Kf5 38.Rd4 Re2 39.Rxd5+ Ke6 
40.Rd3 Rxb2 41.c4 Ke5 42.Kh2 a5 43.Rd5+ Ke6 44.Rb5 Kd6 45.Kh3 Kc6 46.g4 
Rc2 47.Rxa5 Rc3+ 48.Kh4 Rxb3 49.Re5 Kd6 50.Re4 1-0

[Event "2nd GMA World Cup prel  #3"]
[Site "Palma de Mallorca"]
[Date "1989.??.??"]
[Round "3"]
[White "Savon, Vladimir"]
[Black "Larsen, Bent"]
[Result "1/2-1/2"]
[WhiteElo "2465"]
[BlackElo "2530"]
[EventDate "1989.12.??"]
[PlyCount "129"]

1.e4 c5 2.Nf3 Nc6 3.d4 cxd4 4.Nxd4 g6 5.c4 Bg7 6.Be3 Nf6 7.Nc3 O-O 8.Be2 
d6 9.O-O Bd7 10.Qd2 Nxd4 11.Bxd4 Bc6 12.f3 a5 13.b3 Nd7 14.Bf2 Nc5 15.Rab1
Qb6 16.a3 Qd8 17.b4 axb4 18.axb4 Ra3 19.Nb5 Bxb5 20.bxc5 Bc6 21.cxd6 exd6 
22.Rfd1 Be5 23.c5 Ba4 24.cxd6 Bxd1 25.Rxd1 Qf6 26.Qd5 Rd8 27.d7 Rc3 28.Bb5
Rc2 29.Rf1 h5 30.g3 Bc7 31.Qd3 Rc3 32.Qd4 Qxf3 33.Be1 Qe3+ 34.Qxe3 Rxe3 
35.Bf2 Rb3 36.Bc4 Rb4 37.Bxf7+ Kxf7 38.Bc5+ Ke6 39.Bxb4 Rxd7 40.Bc3 Bb6+ 
41.Kg2 Rf7 42.Rxf7 Kxf7 43.Kf3 Ke6 44.g4 h4 45.h3 Bc7 46.g5 b5 47.Kg4 Bg3 
48.Kf3 Bd6 49.Kg4 Be5 50.Bd2 Bg3 51.Kf3 Kd7 52.Ke3 Kd6 53.Bb4+ Ke6 54.Bd2 
Kd6 55.Bb4+ Kd7 56.Bd2 Kc6 57.Bb4 Be5 58.Be1 Bg3 59.Bb4 Kc7 60.Kd4 Kc6 61.
Bd2 Kd6 62.Bb4+ Ke6 63.Ke3 Ke5 64.Bc3+ Kd6 65.Bb4+ 1/2-1/2

[Event "2nd GMA World Cup prel  #3"]
[Site "Palma de Mallorca"]
[Date "1989.??.??"]
[Round "3"]
[White "Palatnik, Semon"]
[Black "Ubilava, Elizbar"]
[Result "1/2-1/2"]
[WhiteElo "2460"]
[BlackElo "2525"]
[EventDate "1989.12.??"]
[PlyCount "67"]

1.d4 Nf6 2.c4 g6 3.Nc3 Bg7 4.e4 d6 5.Be2 O-O 6.Bg5 Nbd7 7.Qd2 a6 8.Nf3 Rb8
9.O-O b5 10.cxb5 axb5 11.e5 b4 12.exf6 exf6 13.Be3 bxc3 14.bxc3 Ra8 15.a4 
Nb6 16.a5 Nd5 17.Bb5 Bd7 18.Bxd7 Qxd7 19.Qd3 Nxe3 20.fxe3 Ra7 21.a6 f5 22.
d5 Rfa8 23.Ra3 c6 24.dxc6 Qxc6 25.Rfa1 Re7 26.Nd4 Qe8 27.Qb5 Rxe3 28.Qxe8+
Rexe8 29.Nb5 Rec8 30.Nxd6 Rxc3 31.Rxc3 Bxc3 32.Ra4 Be5 33.Nb5 Kf8 34.a7 
1/2-1/2

[Event "2nd GMA World Cup prel  #3"]
[Site "Palma de Mallorca"]
[Date "1989.??.??"]
[Round "3"]
[White "Sorokin, Maxim"]
[Black "Vaiser, Anatoly"]
[Result "1/2-1/2"]
[WhiteElo "2420"]
[BlackElo "2555"]
[EventDate "1989.12.??"]
[PlyCount "44"]

1.d4 Nf6 2.Nf3 e6 3.g3 b5 4.Bg2 Bb7 5.O-O c5 6.c3 Na6 7.Bg5 Be7 8.Nbd2 O-O
9.e3 h6 10.Bxf6 Bxf6 11.Qe2 Qb6 12.Rfc1 Rfc8 13.a3 cxd4 14.cxd4 Rxc1+ 15.
Rxc1 Rc8 16.Rxc8+ Bxc8 17.Ne4 Be7 18.Ne5 d6 19.Nc6 Bf8 20.Nc3 Nc7 21.d5 
Bd7 22.Nd4 e5 1/2-1/2

[Event "2nd GMA World Cup prel  #3"]
[Site "Palma de Mallorca"]
[Date "1989.??.??"]
[Round "3"]
[White "Krasenkov, Mikhail"]
[Black "Kirov, Nino"]
[Result "1/2-1/2"]
[WhiteElo "2505"]
[BlackElo "2470"]
[EventDate "1989.12.??"]
[PlyCount "49"]

1.Nf3 c5 2.c4 g6 3.d4 cxd4 4.Nxd4 Bg7 5.e4 Nc6 6.Be3 Nf6 7.Nc3 O-O 8.Be2 
d6 9.O-O Bd7 10.Qd2 Nxd4 11.Bxd4 Bc6 12.f3 Nd7 13.Be3 a5 14.b3 Nc5 15.Rab1
Qb6 16.Nb5 Rfc8 17.Rfd1 Qd8 18.Nd4 Bd7 19.a3 Qf8 20.b4 axb4 21.axb4 Ne6 
22.Nb3 Ra3 23.Qc1 Ra2 24.Bf1 Ba4 25.Rd2 1/2-1/2

[Event "2nd GMA World Cup prel  #3"]
[Site "Palma de Mallorca"]
[Date "1989.??.??"]
[Round "3"]
[White "Hernandez Onna, Roman"]
[Black "Arnason, Jon"]
[Result "1/2-1/2"]
[WhiteElo "2450"]
[BlackElo "2520"]
[EventDate "1989.12.??"]
[PlyCount "71"]

1.d4 Nf6 2.Nf3 e6 3.c4 b6 4.Nc3 Bb4 5.e3 Ne4 6.Qc2 Bb7 7.Bd3 f5 8.O-O Bxc3
9.bxc3 O-O 10.Ne1 Qh4 11.f3 Ng5 12.Qf2 Qxf2+ 13.Rxf2 d6 14.c5 dxc5 15.dxc5
Nd7 16.e4 fxe4 17.Bb5 c6 18.Bc4 Nf7 19.Be3 Rfe8 20.fxe4 Nfe5 21.Bb3 bxc5 
22.Rd1 Nf6 23.Bxc5 Nxe4 24.Re2 Nxc5 25.Rxe5 Nxb3 26.axb3 Kf7 27.Nd3 Rad8 
28.Rf1+ Kg8 29.Nc5 Bc8 30.Ra1 Re7 31.b4 Rd2 32.Rae1 Rd5 33.R5e3 a5 34.Nxe6
axb4 35.cxb4 Rxe6 36.Rxe6 1/2-1/2

[Event "2nd GMA World Cup prel  #3"]
[Site "Palma de Mallorca"]
[Date "1989.??.??"]
[Round "3"]
[White "Kupreichik, Viktor"]
[Black "Yakovich, Yury"]
[Result "1-0"]
[WhiteElo "2520"]
[BlackElo "2450"]
[EventDate "1989.12.??"]
[PlyCount "83"]

1.e4 c5 2.Nc3 Nc6 3.g3 g6 4.Bg2 Bg7 5.d3 d6 6.f4 e6 7.Nf3 Nge7 8.O-O O-O 
9.Be3 b6 10.d4 Ba6 11.Re1 Rc8 12.a4 cxd4 13.Nxd4 Na5 14.Bf2 Qd7 15.Qf3 Bb7
16.Rad1 a6 17.g4 Nac6 18.Nb3 Nb4 19.Bxb6 Nxc2 20.Re2 Na3 21.Bd4 Nc4 22.
Bxg7 Kxg7 23.f5 exf5 24.gxf5 gxf5 25.Qf2 Kh8 26.Nc5 Qc6 27.Qd4+ f6 28.Nxb7
Qxb7 29.e5 fxe5 30.Bxb7 exd4 31.Bxc8 dxc3 32.Bxa6 Nxb2 33.Rxd6 Ng6 34.Bb5 
Nf4 35.Rc2 Rc8 36.a5 Rc5 37.Rb6 Nd1 38.a6 Rc8 39.a7 Rg8+ 40.Kf1 Ne3+ 41.
Kf2 Nxc2 42.Rb8 1-0

[Event "2nd GMA World Cup prel  #3"]
[Site "Palma de Mallorca"]
[Date "1989.??.??"]
[Round "3"]
[White "Tseitlin, Mikhail"]
[Black "Barlov, Dragan"]
[Result "1/2-1/2"]
[WhiteElo "2445"]
[BlackElo "2520"]
[EventDate "1989.12.??"]
[PlyCount "99"]

1.e4 c5 2.Nf3 e6 3.Nc3 a6 4.g3 Nc6 5.Bg2 d6 6.O-O Nf6 7.d3 Be7 8.Nd2 d5 9.
f4 d4 10.Ne2 e5 11.Nf3 Bd6 12.Nh4 exf4 13.Nxf4 O-O 14.Nh5 Nxh5 15.Qxh5 g6 
16.Qh6 Ne5 17.h3 Re8 18.Nf3 Nxf3+ 19.Rxf3 Bf8 20.Qf4 Be6 21.b3 b5 22.a4 c4
23.bxc4 bxc4 24.dxc4 Rc8 25.Bf1 Qd7 26.Bd2 Bg7 27.Qh4 Bxc4 28.Bd3 Be6 29.
g4 Qc6 30.Bh6 Bxh6 31.Qxh6 Qd6 32.Qf4 Qxf4 33.Rxf4 a5 34.e5 Red8 35.Rb1 
Rc5 36.Rb5 Rxb5 37.Bxb5 Kf8 38.Kf2 Ke7 39.Ke2 Rd5 40.Re4 h5 41.Kd2 hxg4 
42.hxg4 g5 43.Kd3 Rc5 44.Re2 Bxg4 45.Rg2 Bf5+ 46.Kxd4 Rxc2 47.Rxg5 Bd7 48.
Bxd7 Kxd7 49.e6+ fxe6 50.Rxa5 1/2-1/2

[Event "2nd GMA World Cup prel  #3"]
[Site "Palma de Mallorca"]
[Date "1989.??.??"]
[Round "3"]
[White "Klaric, Zlatko"]
[Black "Kovacevic, Vladimir"]
[Result "1-0"]
[WhiteElo "2445"]
[BlackElo "2515"]
[EventDate "1989.12.??"]
[PlyCount "119"]

1.d4 Nf6 2.Bg5 d6 3.Bxf6 exf6 4.g3 f5 5.Bg2 Nd7 6.c4 g6 7.Nc3 Bg7 8.e3 h5 
9.h4 O-O 10.Nge2 Nf6 11.Nf4 c6 12.O-O Re8 13.Qc2 Bh6 14.Rfe1 Bd7 15.b4 Qe7
16.f3 Nh7 17.Qf2 Nf8 18.e4 fxe4 19.fxe4 a5 20.b5 Bg7 21.Rad1 Nh7 22.bxc6 
bxc6 23.Na4 Rab8 24.c5 Bg4 25.Rb1 Qa7 26.Rxb8 Rxb8 27.e5 dxe5 28.dxe5 Qc7 
29.e6 Rd8 30.Qc2 Bxe6 31.Nxe6 Qxg3 32.Qf2 Qxf2+ 33.Kxf2 fxe6 34.Rxe6 Bf6 
35.Ke2 Rd4 36.Bxc6 Kf7 37.Re3 Be7 38.Bb5 Nf6 39.c6 Nd5 40.Re5 Nc7 41.Nc3 
Rxh4 42.Re3 Bf6 43.Ba4 Bxc3 44.Bb3+ Kf6 45.Rxc3 g5 46.Rf3+ Rf4 47.Rxf4+ 
gxf4 48.Kf3 Ke5 49.Bf7 Ne6 50.Bxh5 Nd4+ 51.Kf2 Nxc6 52.Ke2 Nb4 53.Bf7 Kf5 
54.Kd2 Kg4 55.a3 Na6 56.Bd5 Nc5 57.Kc3 f3 58.Kd4 f2 59.Bc4 Ne6+ 60.Bxe6+ 
1-0

[Event "2nd GMA World Cup prel  #3"]
[Site "Palma de Mallorca"]
[Date "1989.??.??"]
[Round "3"]
[White "Lerner, Konstantin"]
[Black "Reshevsky, Samuel"]
[Result "1-0"]
[WhiteElo "2530"]
[BlackElo "2430"]
[EventDate "1989.12.??"]
[PlyCount "145"]

1.d4 Nf6 2.c4 e6 3.Nc3 Bb4 4.Qc2 O-O 5.a3 Bxc3+ 6.Qxc3 b6 7.Bg5 Bb7 8.f3 
d5 9.e3 Nbd7 10.Nh3 h6 11.Bh4 c5 12.cxd5 exd5 13.Bd3 Re8 14.O-O c4 15.Bc2 
b5 16.Rae1 Qb6 17.Nf2 Nf8 18.e4 Ng6 19.Bxf6 Qxf6 20.e5 Qe6 21.Qd2 f5 22.
exf6 Qxf6 23.Ng4 Qf4 24.Qf2 Ne7 25.g3 Qd6 26.Ne5 Qb6 27.Nd7 Qd8 28.Nc5 Bc8
29.g4 Rf8 30.Qe3 Rf7 31.Qe5 a5 32.Re3 b4 33.Rfe1 b3 34.Bb1 Ra7 35.Qh5 Qd6 
36.Qe5 Qxe5 37.Rxe5 g6 38.Kg2 Kg7 39.Kg3 g5 40.h4 gxh4+ 41.Kxh4 Nc6 42.
Rxd5 Rxf3 43.Ne6+ Bxe6 44.Rxe6 Ne7 45.Rde5 Ng8 46.Rg6+ Kf7 47.Rc6 c3 48.
Rxc3 Rxc3 49.bxc3 Rc7 50.Rxa5 Rxc3 51.Rb5 Rc4 52.Rxb3 Rxd4 53.Rd3 Rxd3 54.
Bxd3 Nf6 55.a4 Ke6 56.a5 Kd6 57.Kg3 Kc6 58.Kf3 Kc5 59.Bf1 Nd5 60.Be2 Nf6 
61.Kg3 Ne4+ 62.Kf4 Nf6 63.Kf3 Nh7 64.Bf1 Nf6 65.Bd3 Ne8 66.Kf4 Nf6 67.a6 
Kb6 68.Bc4 Nh7 69.Kf5 Ng5 70.Kg6 Nf3 71.Be2 Nd4 72.Bd3 Nf3 73.Kxh6 1-0

[Event "2nd GMA World Cup prel  #3"]
[Site "Palma de Mallorca"]
[Date "1989.??.??"]
[Round "3"]
[White "Gomez Esteban, Juan Mario"]
[Black "Renet, Olivier"]
[Result "1-0"]
[WhiteElo "2440"]
[BlackElo "2515"]
[EventDate "1989.12.??"]
[PlyCount "71"]

1.c4 Nf6 2.Nc3 e5 3.Nf3 Nc6 4.g3 Bc5 5.Bg2 d6 6.O-O O-O 7.d3 h6 8.a3 a5 9.
e3 Bf5 10.h3 Qd7 11.Kh2 e4 12.Nh4 exd3 13.Nd5 Nxd5 14.cxd5 Ne7 15.Nxf5 
Qxf5 16.e4 Qd7 17.Qxd3 c6 18.Bd2 cxd5 19.exd5 Rfe8 20.Rae1 a4 21.Bc3 Ng6 
22.Be4 Ne5 23.Qd1 b5 24.Qh5 Qa7 25.f4 Nd7 26.Qd1 Nf8 27.f5 f6 28.Bf3 Bf2 
29.Re6 Nxe6 30.fxe6 Rec8 31.Kg2 Be3 32.Qd3 Rc4 33.Re1 Bd4 34.Bxd4 Rxd4 35.
Qe3 Re8 36.Rd1 1-0

[Event "2nd GMA World Cup prel  #3"]
[Site "Palma de Mallorca"]
[Date "1989.??.??"]
[Round "3"]
[White "Milos, Gilberto"]
[Black "Westerinen, Heikki"]
[Result "1-0"]
[WhiteElo "2510"]
[BlackElo "2435"]
[EventDate "1989.12.??"]
[PlyCount "67"]

1.e4 e5 2.Nf3 Nc6 3.Bc4 Nf6 4.d3 Be7 5.O-O O-O 6.Bb3 d6 7.c3 Bg4 8.Nbd2 h6
9.h3 Bxf3 10.Nxf3 Nh7 11.d4 Ng5 12.Nxg5 Bxg5 13.f4 exf4 14.Bxf4 Na5 15.Bc2
c5 16.Qd3 g6 17.Bxg5 Qxg5 18.b4 cxb4 19.cxb4 Nc6 20.a3 a5 21.b5 Nd8 22.Rf3
a4 23.Raf1 Ra5 24.Rg3 Qxb5 25.Qd2 Qb6 26.e5 Ne6 27.Kh2 Ng7 28.Rf6 Qb2 29.
Qxa5 Qxc2 30.exd6 Qc4 31.d7 Qxd4 32.Rfxg6 b6 33.Qf5 h5 34.Rxg7+ 1-0

[Event "2nd GMA World Cup prel  #3"]
[Site "Palma de Mallorca"]
[Date "1989.??.??"]
[Round "3"]
[White "Panchenko, Alexander"]
[Black "Illescas Cordoba, Miguel"]
[Result "1/2-1/2"]
[WhiteElo "2430"]
[BlackElo "2510"]
[EventDate "1989.12.??"]
[PlyCount "109"]

1.Nf3 c5 2.c4 Nf6 3.g3 e6 4.Bg2 d5 5.cxd5 exd5 6.d4 Be7 7.O-O O-O 8.Nc3 
Nc6 9.Bg5 cxd4 10.Nxd4 h6 11.Be3 Re8 12.Qa4 Bd7 13.Rad1 Nb4 14.Qb3 a5 15.
a4 Rc8 16.Rd2 b6 17.Nc2 Be6 18.Nxb4 Bxb4 19.Bd4 Ne4 20.Rdd1 Bxc3 21.bxc3 
Nxc3 22.Rd2 Ne4 23.Bxe4 dxe4 24.Qxb6 Rc4 25.Qb2 Qg5 26.Be3 Qg4 27.Qb5 Ra8 
28.f3 exf3 29.exf3 Qg6 30.Rd4 Rxd4 31.Bxd4 Rd8 32.Qb2 Bh3 33.Re1 Qf5 34.
Qf2 h5 35.Be3 Rb8 36.Bf4 Rb4 37.Qe2 Qc5+ 38.Be3 Qc6 39.Bd2 Rxa4 40.Qe8+ 
Qxe8 41.Rxe8+ Kh7 42.Re5 Ra1+ 43.Kf2 g6 44.Bxa5 Ra2+ 45.Ke3 Rxh2 46.Bc3 
Be6 47.Rb5 Rc2 48.Rc5 Bf5 49.Kf4 Be6 50.Ke3 Rg2 51.Kf4 Rf2 52.Ke3 Rf1 53.
Ra5 Kh6 54.Ra1 Rxa1 55.Bxa1 1/2-1/2

[Event "2nd GMA World Cup prel  #3"]
[Site "Palma de Mallorca"]
[Date "1989.??.??"]
[Round "3"]
[White "Geller, Efim"]
[Black "Romero Holmes, Alfonso"]
[Result "0-1"]
[WhiteElo "2505"]
[BlackElo "2430"]
[EventDate "1989.12.??"]
[PlyCount "43"]

1.Nf3 d6 2.d4 Nf6 3.g3 g6 4.Bg2 Bg7 5.O-O O-O 6.c4 c6 7.Nc3 Qa5 8.h3 Qa6 
9.b3 b5 10.cxb5 cxb5 11.Nd2 Bb7 12.e4 Nfd7 13.Ne2 Nc5 14.Qc2 Nc6 15.Bb2 
Nb4 16.Qb1 Nbd3 17.Rd1 b4 18.Nc1 Nxb2 19.Qxb2 f5 20.a3 bxa3 21.Rxa3 Qc6 
22.Nc4 0-1

[Event "2nd GMA World Cup prel  #3"]
[Site "Palma de Mallorca"]
[Date "1989.??.??"]
[Round "3"]
[White "Donaldson-Akhmilovskaya, Elena"]
[Black "Gheorghiu, Florin"]
[Result "0-1"]
[WhiteElo "2430"]
[BlackElo "2500"]
[EventDate "1989.12.??"]
[PlyCount "77"]

1.d4 Nf6 2.c4 c5 3.d5 d6 4.Nc3 g6 5.e4 Bg7 6.f4 O-O 7.Nf3 e6 8.Be2 exd5 9.
cxd5 Bg4 10.O-O Nbd7 11.h3 Bxf3 12.Bxf3 c4 13.Be3 a6 14.Bd4 Qc7 15.Re1 
Rfe8 16.g4 h6 17.h4 g5 18.Bxf6 Bxf6 19.e5 dxe5 20.fxg5 hxg5 21.Ne4 Qb6+ 
22.Kh1 Nc5 23.h5 Rac8 24.Re2 Nxe4 25.Bxe4 c3 26.bxc3 Rxc3 27.Rb1 Qd4 28.
Qf1 Re3 29.Rb4 Rh3+ 30.Kg2 Qxb4 31.Kxh3 Bg7 32.Qf5 Qd6 33.Rf2 Re7 34.Qxg5 
Rc7 35.Qf5 Qh6 36.Kg2 Kf8 37.g5 Qxh5 38.Bf3 Qg6 39.Qxg6 0-1

[Event "2nd GMA World Cup prel  #3"]
[Site "Palma de Mallorca"]
[Date "1989.??.??"]
[Round "3"]
[White "Rashkovsky, Nukhim"]
[Black "Ghitescu, Theodor"]
[Result "1-0"]
[WhiteElo "2520"]
[BlackElo "2390"]
[EventDate "1989.12.??"]
[PlyCount "129"]

1.d4 Nf6 2.Nf3 g6 3.c4 Bg7 4.Nc3 d6 5.e4 O-O 6.Be2 Bg4 7.Be3 Nfd7 8.Rc1 e5
9.d5 Na6 10.O-O f5 11.h3 Bxf3 12.Bxf3 f4 13.Bd2 c5 14.dxc6 bxc6 15.Na4 Rb8
16.a3 Nac5 17.b4 Ne6 18.c5 Nd4 19.Bc3 Qe7 20.cxd6 Qxd6 21.Nc5 Nxc5 22.Bxd4
exd4 23.Rxc5 Be5 24.Qd3 Rb6 25.Rfc1 Kg7 26.Bd1 f3 27.Bxf3 Qf6 28.Kf1 Rf7 
29.R1c2 h5 30.Ke1 Rd7 31.Kd1 Rdb7 32.R2c4 Rd7 33.Rc2 Rdb7 34.Ke2 Rd7 35.
Kf1 Rf7 36.Kg1 Rd7 37.Kf1 Rf7 38.Ra5 Rc7 39.Qd2 Rd7 40.Qd3 Re7 41.Rc4 Rf7 
42.Rac5 Rd7 43.h4 Rf7 44.Qd2 Qd6 45.Ke2 Rd7 46.Kd3 Rf7 47.Bd1 Qf6 48.Qg5 
Qxg5 49.hxg5 Bd6 50.Ra5 Rxf2 51.Rxa7+ Rf7 52.Rxf7+ Kxf7 53.Ba4 Ra6 54.Rxc6
Rxa4 55.Rxd6 Rxa3+ 56.Kxd4 Rg3 57.Rf6+ Kg7 58.Rf2 Rxg5 59.Rb2 Rb5 60.Kc4 
Rb8 61.b5 Kf6 62.Kd5 Rd8+ 63.Kc6 Ke5 64.Rb4 h4 65.b6 1-0